Marcatori dell'Inghilterra agli Europei - Inghilterra 1996 - Statistics

Statistiche generali
  • Questo quiz è stato fatto 2 volte
  • Il punteggio medio è 6 su 8
Statistiche sulle risposte
Partita Minuto Marcatore % Corretto
Inghilterra - Svizzera 1-1 23' Alan Shearer
100%
Scozia - Inghilterra 0-2 63' Alan Shearer
100%
Paesi Bassi - Inghilterra 1-4 23' Alan Shearer
100%
Paesi Bassi - Inghilterra 1-4 57' Alan Shearer
100%
Germania - Inghilterra 7-6 (d.c.r.) 3' Alan Shearer
100%
Paesi Bassi - Inghilterra 1-4 51' Teddy Sheringham
50%
Paesi Bassi - Inghilterra 1-4 62' Teddy Sheringham
50%
Scozia - Inghilterra 0-2 79' Paul Gascoigne
0%
Nessun quiz corrispondente trovato
Distribuzione punteggi
Percentuale di utenti per punteggio
Percentile per numero di risposta
I tuoi punteggi nel tempo
Non hai fatto questo quiz